<?xml version="1.0" encoding="UTF-8"?>
<record
    xmlns:xsi="http://www.w3.org/2001/XMLSchema-instance"
    xsi:schemaLocation="http://www.loc.gov/MARC21/slim http://www.loc.gov/standards/marcxml/schema/MARC21slim.xsd"
    xmlns="http://www.loc.gov/MARC21/slim">

  <leader>01046nam a2200265 a 4500</leader>
  <controlfield tag="001">BRCA_3756</controlfield>
  <controlfield tag="005">20190320204419.0</controlfield>
  <controlfield tag="008">090710s2009    it-a---##b---#000-0dita-d</controlfield>
  <datafield tag="020" ind1=" " ind2=" ">
    <subfield code="a">9788809742383</subfield>
  </datafield>
  <datafield tag="041" ind1=" " ind2=" ">
    <subfield code="a">ita</subfield>
  </datafield>
  <datafield tag="044" ind1=" " ind2=" ">
    <subfield code="a">it</subfield>
  </datafield>
  <datafield tag="050" ind1=" " ind2="4">
    <subfield code="a">QB36.G3</subfield>
    <subfield code="b">.C36 2009</subfield>
  </datafield>
  <datafield tag="245" ind1="1" ind2="0">
    <subfield code="a">Il Cannocchiale e il Pennello</subfield>
    <subfield code="b">Nuova Scienza e Nuova Arte nell&#xB4;et&#xE1; di Galileo</subfield>
    <subfield code="c">A cura di Lucia Tongiorgi Tomasi, Alessandro Tosi.</subfield>
  </datafield>
  <datafield tag="260" ind1=" " ind2=" ">
    <subfield code="a">Florencia, Italia</subfield>
    <subfield code="b">Giunti</subfield>
    <subfield code="c">2009</subfield>
  </datafield>
  <datafield tag="300" ind1=" " ind2=" ">
    <subfield code="a">414 p.</subfield>
    <subfield code="b">il. a color</subfield>
    <subfield code="c">26 cm.</subfield>
  </datafield>
  <datafield tag="500" ind1=" " ind2=" ">
    <subfield code="a">Cat&#xE1;logo de la exposici&#xF3;n realizada en el Palazzo Blu (Pisa, Italia), 9 mayo - 19 julio, 2009</subfield>
  </datafield>
  <datafield tag="500" ind1=" " ind2=" ">
    <subfield code="a">Incluye piezas de la colecci&#xF3;n Franz Mayer: portada</subfield>
  </datafield>
  <datafield tag="504" ind1=" " ind2=" ">
    <subfield code="a">Bibliograf&#xED;a: p. 393-414</subfield>
  </datafield>
  <datafield tag="600" ind1="1" ind2="4">
    <subfield code="a">Galilei, Galileo</subfield>
    <subfield code="d">1564-1642</subfield>
    <subfield code="v">Exposiciones</subfield>
    <subfield code="x">Influencia</subfield>
    <subfield code="9">9793</subfield>
  </datafield>
  <datafield tag="650" ind1="1" ind2="4">
    <subfield code="a">Arte y ciencia</subfield>
    <subfield code="v">Exposiciones</subfield>
    <subfield code="x">Historia</subfield>
    <subfield code="y">Siglo XVI-XVII</subfield>
    <subfield code="9">9794</subfield>
  </datafield>
  <datafield tag="650" ind1="1" ind2="4">
    <subfield code="a">Arte moderno</subfield>
    <subfield code="v">Exposiciones</subfield>
    <subfield code="y">Siglo XVII</subfield>
    <subfield code="9">9795</subfield>
  </datafield>
  <datafield tag="700" ind1="1" ind2=" ">
    <subfield code="a">Tongiorgi Tomasi, Lucia</subfield>
    <subfield code="9">9796</subfield>
  </datafield>
  <datafield tag="700" ind1="1" ind2=" ">
    <subfield code="a">Tosi, Alessandro</subfield>
    <subfield code="9">9797</subfield>
  </datafield>
  <datafield tag="942" ind1=" " ind2=" ">
    <subfield code="2">lcc</subfield>
    <subfield code="c">B</subfield>
  </datafield>
  <datafield tag="999" ind1=" " ind2=" ">
    <subfield code="c">3485</subfield>
    <subfield code="d">3485</subfield>
  </datafield>
  <datafield tag="952" ind1=" " ind2=" ">
    <subfield code="0">0</subfield>
    <subfield code="1">0</subfield>
    <subfield code="4">0</subfield>
    <subfield code="7">0</subfield>
    <subfield code="a">BRCA</subfield>
    <subfield code="b">BRCA</subfield>
    <subfield code="d">2009-09-28</subfield>
    <subfield code="l">0</subfield>
    <subfield code="o">QB36.G3 .C36 2009</subfield>
    <subfield code="p">01049</subfield>
    <subfield code="r">2019-03-22 00:00:00</subfield>
    <subfield code="w">2019-03-22</subfield>
    <subfield code="y">B</subfield>
  </datafield>
</record>
